Architects by Building Quiz - Statistics

General Stats
  • This quiz has been taken 188 times
  • The average score is 7 of 14
Answer Stats
Building Architect % Correct
Fallingwater Frank Lloyd Wright
94%
Sagrada Família Antoni Gaudí
91%
Guggenheim Museum Bilbao Frank Gehry
73%
Heydar Aliyev Center Zaha Hadid
58%
The Shard Renzo Piano
54%
Villa Savoye Le Corbusier
53%
London City Hall Norman Foster
50%
Sydney Opera House Jørn Utzon
49%
Cathedral of Brasilia Oscar Niemeyer
43%
Gateway Arch Eero Saarinen
31%
Glass House Philip Johnson
31%
Crown Hall Ludwig Mies van der Rohe
30%
Milwaukee Art Museum Santiago Calatrava
25%
Burj Khalifa Adrian Smith
23%
No matching quizzes found
Score Distribution
Percent of People with Each Score
Percentile by Number Answered
Your Score History
You have not taken this quiz